000 00197nam a22000857a 4500
008 161219b xxu||||| |||| 00| 0 eng d
100 _92132
_aKarla V
245 _aAustin
260 _aNew Delhi
_bArya
_c1974
999 _c5014
_d5014